The spatial distribution of poverty and the long reach of the industrial makeup of places: New evidence on spatial and temporal regimes (Record no. 511983)

000 -LEADER
fixed length control field 00500nam a2200145 4500
008 - FIXED-LENGTH DATA ELEMENTS--GENERAL INFORMATION
fixed length control field 191024b ||||| |||| 00| 0 eng d
100 ## - MAIN ENTRY--PERSONAL NAME
Personal name Curtis, Katherine J. et al
245 ## - TITLE STATEMENT
Title The spatial distribution of poverty and the long reach of the industrial makeup of places: New evidence on spatial and temporal regimes
260 ## - PUBLICATION, DISTRIBUTION, ETC. (IMPRINT)
Name of publisher, distributor, etc Rural Sociology
300 ## - PHYSICAL DESCRIPTION
Extent 84(1), Mar, 2019: p.28-65.
650 ## - SUBJECT ADDED ENTRY--TOPICAL TERM
Topical term or geographic name as entry element Industry
9 (RLIN) 12573
773 ## - HOST ITEM ENTRY
Main entry heading Rural Sociology
906 ## - LOCAL DATA ELEMENT F, LDF (RLIN)
Subject DIP Poverty
942 ## - ADDED ENTRY ELEMENTS (KOHA)
Source of classification or shelving scheme
Item type Articles
Holdings
Withdrawn status Lost status Source of classification or shelving scheme Damaged status Not for loan Permanent location Current location Date acquired Serial Enumeration / chronology Barcode Date last seen Koha item type
          Indian Institute of Public Administration Indian Institute of Public Administration 2019-10-24 84(1), Mar, 2019: p.28-65. AR121430 2019-10-24 Articles

Powered by Koha